| 000 | 00898nam a22001937a 4500 | ||
|---|---|---|---|
| 005 | 20250403154059.0 | ||
| 010 | _aHIN-129585 | ||
| 020 |
_a9789359647098 _c250.00 |
||
| 035 | _aHN-101931 | ||
| 037 | _bDBAD | ||
| 082 | _a425 | ||
| 100 |
_aगर्ग, चित्रा _980234 |
||
| 245 |
_aहिंदी स्वयं शिक्षक/ _cचित्रा गर्ग |
||
| 260 |
_aनई दिल्ली _bडायमंड पॉकेट बुक्स (प्रा.) लि. _c2024 |
||
| 270 |
_aX-30 ओखला इंडस्ट्रीयलएरिया, फेज-II _bनई दिल्ली _e110020 _k011-40712200 _msales@dpb.in |
||
| 300 |
_a263पृ. _c22सेमी (अजिल्द ) |
||
| 500 | _aस्वम हिंदी सीखें व सुधारें | ||
| 942 |
_2ddc _cHN _h425 _mगर्गचि _eप्रथम |
||
| 999 |
_c210749 _d210749 |
||